<?xml version="1.0" encoding="UTF-8"?>
<record
    xmlns:xsi="http://www.w3.org/2001/XMLSchema-instance"
    xsi:schemaLocation="http://www.loc.gov/MARC21/slim http://www.loc.gov/standards/marcxml/schema/MARC21slim.xsd"
    xmlns="http://www.loc.gov/MARC21/slim">

  <leader>04907nam a2200289 a 4500</leader>
  <controlfield tag="003">OSt</controlfield>
  <controlfield tag="005">20251111102847.0</controlfield>
  <controlfield tag="007">cr ||||||a|c|a</controlfield>
  <controlfield tag="008">230830s2023    mx a|||fom||| 001 0 spa d</controlfield>
  <datafield tag="040" ind1=" " ind2=" ">
    <subfield code="e">rda</subfield>
  </datafield>
  <datafield tag="100" ind1="1" ind2=" ">
    <subfield code="9">187830</subfield>
    <subfield code="a">V&#xE1;zquez Ju&#xE1;rez, No&#xE9;</subfield>
  </datafield>
  <datafield tag="245" ind1="1" ind2="0">
    <subfield code="a">Plan de negocios para la fabricaci&#xF3;n de muebles multifuncionales en madera /</subfield>
    <subfield code="c">por No&#xE9; V&#xE1;zquez Ju&#xE1;rez ; director de tesis &#xC1;ngel Leyva Ovalle.</subfield>
  </datafield>
  <datafield tag="264" ind1=" " ind2=" ">
    <subfield code="a">Chapingo, M&#xE9;xico :</subfield>
    <subfield code="b">El autor,</subfield>
    <subfield code="c">2023.</subfield>
  </datafield>
  <datafield tag="300" ind1=" " ind2=" ">
    <subfield code="a">1 recurso en l&#xED;nea (114 p&#xE1;ginas):</subfield>
    <subfield code="b">tablas, im&#xE1;genes.</subfield>
  </datafield>
  <datafield tag="336" ind1=" " ind2=" ">
    <subfield code="2">rdacontent</subfield>
    <subfield code="a">texto</subfield>
    <subfield code="b">txt</subfield>
  </datafield>
  <datafield tag="337" ind1=" " ind2=" ">
    <subfield code="2">rdamedia</subfield>
    <subfield code="a">computadora</subfield>
    <subfield code="b">c</subfield>
  </datafield>
  <datafield tag="338" ind1=" " ind2=" ">
    <subfield code="2">rdacarrier</subfield>
    <subfield code="a">recurso en l&#xED;nea</subfield>
    <subfield code="b">cr</subfield>
  </datafield>
  <datafield tag="502" ind1=" " ind2=" ">
    <subfield code="b">IFI</subfield>
    <subfield code="c">DICIFO</subfield>
    <subfield code="d">2023.</subfield>
    <subfield code="g">LIC</subfield>
  </datafield>
  <datafield tag="504" ind1=" " ind2=" ">
    <subfield code="a">Incluye referencias bibliogr&#xE1;ficas: p&#xE1;ginas 101-107.</subfield>
  </datafield>
  <datafield tag="520" ind1=" " ind2=" ">
    <subfield code="a">El objetivo de este diagn&#xF3;stico es identificar la ubicaci&#xF3;n del lugar de estudio de manera que se puedan planificar y programar estrategias para establecer un plan de negocios adecuado a las caracter&#xED;sticas del lugar. La vocaci&#xF3;n productiva del lugar se enfoca en el aprovechamiento, transformaci&#xF3;n y fabricaci&#xF3;n de diferentes art&#xED;culos de madera, lo que justifica la decisi&#xF3;n de llevar a cabo este estudio. En gran medida, este proyecto busca satisfacer la demanda de un art&#xED;culo de primera necesidad en muchos casos. Luego del estudio realizado en este trabajo, sobre la posibilidad de establecer una f&#xE1;brica distribuidora de muebles en el Ejido de San Luis de Las Peras, municipio de Villa del Carb&#xF3;n, hemos podido concluir, a partir del estudio de mercado realizado con el objetivo de conocer las inclinaciones de las personas al momento de amueblar y decorar su hogar, los siguientes resultados, el 90% de las personas encuestadas, fueron mujeres, las cuales se identificaban directamente con la decoraci&#xF3;n de su hogar, de la misma forma, el 69.35% de ellas, prefieren muebles sencillos y pr&#xE1;cticos. El 50% de las personas que han adquirido muebles en las &#xFA;ltimas fechas y manifestaron haber adquirido su producto con cierta inconformidad al momento de compra, pues no existe en el municipio y sus alrededores, alguna tienda o almac&#xE9;n que llene al 100% sus expectativas de dise&#xF1;o y decoraci&#xF3;n. Este sentimiento de insatisfacci&#xF3;n, es una oportunidad que debemos usar como estrategia de marketing pues conociendo la inconformidad de los potenciales clientes, consideramos que como nuevos participantes en el mercado e innovadores en el dise&#xF1;o de los muebles de madera, debemos cuidar mucho la calidad, la satisfacci&#xF3;n y nuestra relaci&#xF3;n con los clientes reconociendo que estos ser&#xE1;n los intermediarios con nuevos clientes potenciales y que aun cuando existe una participaci&#xF3;n relativamente fuerte en este mercado, por parte de algunas empresas ya reconocidas que se desenvuelven en el sector, pero que al tener dise&#xF1;os establecidos dif&#xED;cilmente modificar&#xE1;n su tren de producci&#xF3;n, de tal forma que observando este hecho, debemos aprovechar tales circunstancias para ofrecer a nuestros clientes dise&#xF1;os de mayor aceptaci&#xF3;n. Por otra parte, se pretende llegar a la poblaci&#xF3;n de municipios vecinos a Villa del carb&#xF3;n, en donde, como resultado del estudio de mercado nos percatamos de que existe una demanda insatisfecha, adem&#xE1;s, mediante el an&#xE1;lisis financiero practicado, se determin&#xF3; la factibilidad del proyecto, ya que tanto la VAN (Valor Actual Neto) como la TIR (Tasa Interna de Retorno) y la BC (Costo Beneficio), nos arrojan valores que confirman la viabilidad del proyecto, sin dejar de mencionar que la TIR es superior a la tasa de descuento estimada pese a que nos basamos en la ponderaci&#xF3;n de factores internacionales debido a la diferencia de informaci&#xF3;n nacional por lo que consideramos que este proyecto es viable. A partir de la metodolog&#xED;a descrita se realizaron una serie de pruebas t&#xE9;cnicas cuyos resultados fueron satisfactorios. En la &#xFA;ltima parte del trabajo se presentan las conclusiones basadas en los resultados arrojados por las pruebas como el an&#xE1;lisis del mercado, el an&#xE1;lisis FODA, as&#xED; como los c&#xE1;lculos de las tasas, Tasa Interna de Retorno (TIR), el Valor Actual Neto (VAN) y el indicador Costo Beneficio (C/B). Los resultados obtenidos indican que, a pesar de los riesgos presentes, las fortalezas superan a las debilidades. En cuanto a la parte financiera, los c&#xE1;lculos muestran que la inversi&#xF3;n ser&#xE1; rentable a partir del sexto a&#xF1;o, con un margen de utilidad del cien por ciento. Por lo tanto, se concluye que el Plan de Negocios propuesto es una buena oportunidad de inversi&#xF3;n.</subfield>
  </datafield>
  <datafield tag="650" ind1=" " ind2="4">
    <subfield code="9">135852</subfield>
    <subfield code="a">Muebles en madera</subfield>
    <subfield code="x">Mercadeo</subfield>
  </datafield>
  <datafield tag="650" ind1=" " ind2="4">
    <subfield code="9">69627</subfield>
    <subfield code="a">Madera</subfield>
    <subfield code="x">Subproductos</subfield>
  </datafield>
  <datafield tag="650" ind1=" " ind2="4">
    <subfield code="9">187016</subfield>
    <subfield code="a">Estudios de mercado</subfield>
  </datafield>
  <datafield tag="700" ind1="1" ind2=" ">
    <subfield code="9">66584</subfield>
    <subfield code="a">Leyva Ovalle, Angel</subfield>
    <subfield code="e">director.</subfield>
  </datafield>
  <datafield tag="856" ind1=" " ind2=" ">
    <subfield code="u">http://10.13.5.2/tesis/tl/TL_9611972-3_Vazquez-Juarez_Noe.pdf</subfield>
    <subfield code="z">DESCARGAR PDF</subfield>
  </datafield>
  <datafield tag="942" ind1=" " ind2=" ">
    <subfield code="2">Clasificaci&#xF3;n Universidad Aut&#xF3;noma Chapingo</subfield>
    <subfield code="c">TD</subfield>
  </datafield>
  <datafield tag="999" ind1=" " ind2=" ">
    <subfield code="c">219130</subfield>
    <subfield code="d">219130</subfield>
  </datafield>
  <datafield tag="952" ind1=" " ind2=" ">
    <subfield code="0">0</subfield>
    <subfield code="1">0</subfield>
    <subfield code="2">local</subfield>
    <subfield code="4">0</subfield>
    <subfield code="5">1</subfield>
    <subfield code="7">0</subfield>
    <subfield code="8">TesDigL</subfield>
    <subfield code="a">BD</subfield>
    <subfield code="b">BD</subfield>
    <subfield code="c">E_L</subfield>
    <subfield code="d">2023-08-30</subfield>
    <subfield code="l">0</subfield>
    <subfield code="o">Tesis digital</subfield>
    <subfield code="r">2023-08-30 00:00:00</subfield>
    <subfield code="w">2023-08-30</subfield>
    <subfield code="y">TD</subfield>
  </datafield>
</record>
